|
|
|
|
| LEADER |
00000nam0a2200000 4500 |
| 001 |
234358 |
| 005 |
20260414111403.0 |
| 010 |
|
|
|a 9785438701644
|
| 035 |
|
|
|a (RuTPU)RU\TPU\book\255480
|
| 090 |
|
|
|a 234358
|
| 100 |
|
|
|a 20130322d2012 k y0rusy50 ca
|
| 101 |
0 |
|
|a rus
|
| 102 |
|
|
|a RU
|
| 105 |
|
|
|a a z 001zy
|
| 200 |
1 |
|
|a Информационные технологии оценки компетентности IT-специалистов
|e монография
|f О. Г. Берестнева [и др.]
|g Национальный исследовательский Томский политехнический университет (ТПУ) ; Национальный исследовательский Иркутский государственный технический университет (ИрГТУ)
|
| 210 |
|
|
|a Томск
|c Изд-во ТПУ
|d 2012
|
| 215 |
|
|
|a 187 с.
|c ил.
|
| 320 |
|
|
|a Библиогр.: с.146-155.
|
| 330 |
|
|
|a В монографии рассмотрены вопросы разработки инструментария для измерения и оценки компетентности студентов и молодых специалистов ГТ-специальностей; предложена информационная технология построения интегральных показателей и критериев оценки их компетентности на основе тестирования и экспертного оценивания. На основе полученных критериев разработаны алгоритмы формирования рейтинга IT-специалистов. Исследована роль личностно-ориентированной среды в формировании их коммуникативной компетентности. Рассмотрено применение онтологического моделирования при планировании учебного процесса в вузе и для описания компетенций студентов IT-специальностей. Показана технология разработки прототипа информационной системы для оценки компетентности 1Т-специалистов. Предназначена для специалистов и исследователей в области образования, системного анализа, управления и обработки информации студентов, преподавателей школ и вузов, а также всех желающих ознакомиться с проблемой оценки компетентности 1Т-специалистов.
|
| 606 |
1 |
|
|a Оценочные средства в вузах
|2 stltpush
|3 (RuTPU)RU\TPU\subj\67778
|9 83444
|
| 610 |
1 |
|
|a образование
|
| 610 |
1 |
|
|a высшее образование
|
| 610 |
1 |
|
|a высшее профессиональное образование
|
| 610 |
1 |
|
|a компетентностно-ориентированное образование
|
| 610 |
1 |
|
|a компетентность
|
| 610 |
1 |
|
|a компетентные кадры
|
| 610 |
1 |
|
|a IT-специалисты
|
| 610 |
1 |
|
|a IT-технологии
|
| 610 |
1 |
|
|a информационные технологии
|
| 610 |
1 |
|
|a оценка
|
| 610 |
1 |
|
|a студенты
|
| 610 |
1 |
|
|a обучение
|
| 610 |
1 |
|
|a оценочные системы
|
| 610 |
1 |
|
|a рейтинговые оценки
|
| 610 |
1 |
|
|a монографии
|
| 686 |
|
|
|a Ч481.28
|2 rubbk
|
| 701 |
|
1 |
|a Берестнева
|b О. Г.
|c специалист в области информатики и вычислительной техники
|c профессор Томского политехнического университета, доктор технических наук
|f 1953-
|g Ольга Григорьевна
|3 (RuTPU)RU\TPU\pers\24545
|9 10845
|
| 701 |
|
1 |
|a Шевелев
|b Г. Е.
|c математик
|c доцент Томского политехнического университета, кандидат физико-математических наук
|f 1946-
|g Геннадий Ефимович
|3 (RuTPU)RU\TPU\pers\25956
|9 11806
|
| 701 |
|
1 |
|a Массель
|b Л. В.
|g Людмила Васильевна
|
| 701 |
|
1 |
|a Бахвалов
|b С. В.
|g Сергей Владимирович
|
| 701 |
|
1 |
|a Щербаков
|b Д. О.
|c специалист в области информатики и вычислительной техники
|c программист отдела интернет-технологий и интеллектуально обучающих систем Томского политехнического университета
|f 1988-
|g Дмитрий Олегович
|3 (RuTPU)RU\TPU\pers\25957
|9 11807
|
| 712 |
0 |
2 |
|a Национальный исследовательский Томский политехнический университет (ТПУ)
|c (2009- )
|3 (RuTPU)RU\TPU\col\15902
|
| 712 |
0 |
2 |
|a Национальный исследовательский Иркутский государственный технический университет (ИрГТУ)
|3 (RuTPU)RU\TPU\col\17737
|
| 801 |
|
1 |
|a RU
|b 63413507
|c 20130322
|
| 801 |
|
2 |
|a RU
|b 63413507
|c 20130401
|g RCR
|
| 942 |
|
|
|c BK
|